00261nam a22000737a 4500100001900000245012800019260002900147300001100176 aSourijah, Azra aPhytochemical Screening & Investigation of Fermentation process in herbal wine using woodfordia fruticosa grown Sri lanka/ aColombo:bIchemc,c2016. ax,50p;